ბათუმის შოთა რუსთაველის სახელმწიფო უნივერსიტეტის ბიბლიოთეკა

Science of survival : (ბიბ.ჩანაწერი № 58280)

000 -LEADER
fixed length control field 00834cam a2200229 a 4500
001 - CONTROL NUMBER
control field 15350370
005 - DATE AND TIME OF LATEST TRANSACTION
control field 20211020133731.0
008 - FIXED-LENGTH DATA ELEMENTS--GENERAL INFORMATION
fixed length control field 080701s2007 cau b 001 0 eng d
020 ## - INTERNATIONAL STANDARD BOOK NUMBER
International Standard Book Number 9788779897441
041 ## - LANGUAGE CODE
Language code of text/sound track or separate title eng
080 ## - UNIVERSAL DECIMAL CLASSIFICATION NUMBER
Universal Decimal Classification number 299.93 H-88
100 1# - MAIN ENTRY--PERSONAL NAME
Personal name Hubbard, L. Ron
Fuller form of name
Dates associated with a name
9 (RLIN) 12699
245 10 - TITLE STATEMENT
Title Science of survival :
Remainder of title prediction of human behavior /
Statement of responsibility, etc. L. Ron Hubbard.
264 ## - PRODUCTION, PUBLICATION, DISTRIBUTION, MANUFACTURE, AND COPYRIGHT NOTICE
Place of production, publication, distribution, manufacture Los Angeles :
Name of producer, publisher, distributor, manufacturer Bridge Publications,
Date of production, publication, distribution, manufacture, or copyright notice 2007.
300 ## - PHYSICAL DESCRIPTION
Extent 729 p. ;
Dimensions 25 cm.
653 ## - INDEX TERM--UNCONTROLLED
keyword Science of survival
653 ## - INDEX TERM--UNCONTROLLED
keyword გადარჩენის მეცნიერება
653 ## - INDEX TERM--UNCONTROLLED
keyword prediction of human behavior
653 ## - INDEX TERM--UNCONTROLLED
keyword ადამიანის ქცევის პროგნოზირება
942 ## - ADDED ENTRY ELEMENTS (KOHA)
Source of classification or shelving scheme
Koha item type წიგნი
ეგზემპლარები
Withdrawn status Lost status Source of classification or shelving scheme Damaged status Not for loan Permanent Location Current Location Shelving location Date acquired Cost, normal purchase price Full call number Barcode Date last seen Copy number Price effective from Koha item type Public note
          ბათუმის შოთა რუსთაველის სახელმწიფო უნივერსიტეტის მთავარი ბიბლიოთეკა ბათუმის შოთა რუსთაველის სახელმწიფო უნივერსიტეტის მთავარი ბიბლიოთეკა წიგნსაცავი 2021-10-20 21.00 299.93 H-88 61885 2021-10-20 61885 2021-10-20 წიგნი 21 ლ. 43თ.